000 00368nam a2200145Ia 4500
008 230312s9999||||xx |||||||||||||| ||und||
020 _a1-84797-399-3
082 _a721.044
_bMAR-D
100 _aMargetts;Charles
245 0 _aDiy guide to stone in the home
260 _bCharles
_aindia
_c2012
300 _a128
650 _aArchitecture
_vArchitecture
942 _cBK
999 _c12680
_d12680